| 000 | 00879nas a2200301 4500 | ||
|---|---|---|---|
| 001 | BR9801128 | ||
| 003 | BR-BrBNA | ||
| 005 | 20231205100920.0 | ||
| 007 | ta | ||
| 008 | 230509b bl.|||p| |||| 00| 00por d | ||
| 040 |
_aBR-BrBNA _bpor _cBiblioteca Nacional de Agricultura |
||
| 041 | _a(Pt) | ||
| 072 | _aF03 | ||
| 100 | 1 | _aDomingos, M. | |
| 100 | 1 | _aSilva, A.A. da | |
| 100 | 1 | _aSilva, R.F. da | |
| 245 | 1 | _aQualidade da semente de feijao afetada por dessecantes, em quatro estadios de aplicacao | |
| 650 | _aFeijao | ||
| 650 | _aSemente | ||
| 650 | _aDessecante | ||
| 650 | _aGerminacao | ||
| 650 | _aTeste de Vigor | ||
| 650 | _aTeste de Sementes | ||
| 650 | _aMinas Gerais | ||
| 773 | 0 |
_tRevista Brasileira de Sementes (Brazil) _xISSN 0101-3122 _g(1997), v. 19(2) p. 276-283 _wBR9801128 |
|
| 909 |
_a202311 _bLúcia _c55 _dLúcia Elande |
||
| 942 |
_2AGRIS _n0 _cANA |
||
| 999 |
_c158773 _d158773 |
||